000 00941nam a2200289 4500
001 2759615
003 NUST - PNEC
005 20170116180954.0
008 720601s1972 nyua b 001 0 eng
010 _a 79172657
020 _a007Y854939
040 _aDLC
_cLIBRARY
_dDLC
050 0 0 _aTK7874
_b.M525
082 0 0 _a621.38173 MIL
100 1 _aMillman, Jacob,
245 1 0 _aIntegrated electronics: analog and digital circuits and systems
_cJacob Millman
260 _aNew York,
_bMcGraw-Hill
_cc.1972
300 _axix, 911 p.
_billus.
_c24 cm.
490 0 _aMcGraw-Hill electrical and electronic engineering series
504 _aIncludes bibliographical references.
650 0 _aIntegrated circuits.
_xEL
650 0 _aDigital electronics.
650 0 _aElectronic analog computers
_xCircuits.
700 1 _aHalkias, Christos C.,
_ejoint author.
906 _a7
_bcbc
_corignew
_d2
_encip
_f19
_gy-gencatlg
942 _2ddc
_cBK
999 _c66500
_d66500